Normal view
MARC view
Entry Topical Term
001 - CONTROL NUMBER
- control field: 809008
003 - CONTROL NUMBER IDENTIFIER
- control field: OSt
005 - DATE AND TIME OF LATEST TRANSACTION
- control field: 20250520105210.0
008 - FIXED-LENGTH DATA ELEMENTS
- fixed length control field: 250520|| aca||aabn | a|a d
040 ## - CATALOGING SOURCE
- Original cataloging agency: OSt
- Transcribing agency: OSt
150 ## - HEADING--TOPICAL TERM
- Topical term or geographic name entry element: Bioinorganic chemistry
- Form subdivision: spectroscopy
- General subdivision: Physical biochemistry
670 ## - SOURCE DATA FOUND
- Source citation: Work cat.: (OSt)1428859: Physical methods in bioinorganic chemistry: , 2010.
